Algorithmes et machines à calculer /
Guardado en:
| Autor Principal: | |
|---|---|
| Formato: | Libro |
| Idioma: | French Russian |
| Publicado: |
Paris :
Dunod,
1963.
|
| Series: | Monographies Dunod ;
v. 46 |
| Etiquetas: |
Agregar Etiqueta
Sin Etiquetas, Sea el primero en etiquetar este registro!
|
| LEADER | 00906nam a22002291a 4500 | ||
|---|---|---|---|
| 001 | MAT.inmabb002329 | ||
| 008 | 800221s1963####fr#a#####b####000#0#fre#d | ||
| 005 | 20160816165550.0 | ||
| 245 | 1 | 0 | |a Algorithmes et machines à calculer / |c par B. A. Trahtenbrot ; traduit par A. Chauvin. |
| 260 | |a Paris : |b Dunod, |c 1963. | ||
| 300 | |a x, 149 p. : |b il. ; |c 17 cm. | ||
| 440 | 0 | |a Monographies Dunod ; |v v. 46 | |
| 500 | |a Traducción de: Algorithmi i machinnoie rechenie zadatch. 2a. ed. Moscow : Gosudarst, Izdat, Fiz. Mat. Lit., 1960. | ||
| 504 | |a Bibliografía: p. [vii]-viii. | ||
| 510 | 4 | |a MR, |c 27 #3524 | |
| 510 | 4 | |a MR, |c 22 #10906 |3 (de la versión original) | |
| 100 | 1 | |a Trakhtenbrot, B. A. |q (Boris Avraamovich) | |
| 240 | 1 | 0 | |a Algorithmi i machinnoie rechenie zadatch. |l Francés |
| 084 | |a 68-99 (03D45 03F65) |2 msc2000 | ||
| 010 | |a 66037631 | ||
| 041 | 1 | |a fre |h rus | |
| 859 | |h 68 |i T768f |p A-8106 |b BIB. MATEMATICA | ||
